| 000 | 00957nam a2200253 i 4500 | ||
|---|---|---|---|
| 001 | bg | ||
| 100 | 1 | _aGŁOWACZ, Łucjan | |
| 245 | 1 | 0 |
_aAnaliza ekonomiczna przedsięwzięć budowlanych : _bpodręcznik dla studentów wyższych szkół technicznych / _cŁucjan Głowacz ; Politechnika Krakowska im. Tadeusza Kościuszki. |
| 260 |
_aKraków : _bPK, _c1999. |
||
| 300 |
_a99 s. : _bil. ; _c24 cm. |
||
| 504 | _aBibliogr. | ||
| 650 | 9 |
_aBudownictwo _xinwestycje _zPolska _yod 1989 r. |
|
| 650 | 9 |
_aPrzedsiębiorstwa małe i średnie _xekonomika _zPolska _yod 1989 r. |
|
| 650 | 9 |
_aPrzedsiębiorstwa małe i średnie _xfinanse _zPolska _yod 1989 r. |
|
| 655 | _aPodręczniki akademickie | ||
| 710 | 0 | _aPolitechnika Krakowska im. Tadeusza Kościuszki | |
| 020 | _a8372420254 | ||
| 040 | _cBPK | ||
| 041 | 0 | _apl | |
| 080 | _a658.114.003:69.003](438)"1989/..."(075.8) | ||
| 920 | _a83-7242-025-4 | ||
| 942 | _cKS | ||
| 008 | s pl f |000 0 pol | ||
| 999 |
_c37670 _d37670 |
||
| 856 |
_uhttp://koha.tu.koszalin.pl/cgi-bin/koha/opac-detail.pl?biblionumber=37670 _yKatalog online BPK |
||